Responses for show #6183 - Wednesday, June 29, 2011

Contestants

[<< previous game]

Dolores DeStefano, an arts education administrator from San Francisco, California

Jeff Amoros, a field education coordinator from Ellicott City, Maryland

Adam Marshall, a student of government originally from Bethesda, Maryland (whose 2-day cash winnings total $51,800)

[next game >>]

Jeopardy! Round responses

GOING GREEN
FROM SPORTS BOOK TO FILM
SCIENTIFIC NAMES
TO EVERYTHING
THERE IS A SEASON
TURIN! TURIN! TURIN!
    $200 6
(Jeff: What is green energy?)

renewable

JeffDolores
    $200 1
Field of Dreams

Jeff
    $200 22
a lemon

Jeff
    $200 28
[The end-of-round signal sounds.]

London Broil

Triple Stumper
    $200 10
(Jeff: What is Lent?)

Mardi Gras

JeffDolores
    $200 17
the Shroud of Turin

Adam
    $400 7
fossil fuels

Adam
    $400 3
Million Dollar Baby

Adam
    $400 24
a killer whale

Adam
    $400 11
haiku

Adam
    $400 18
the Po

Jeff
    $600 8
greenhouse gases

Jeff
    $600 4
Friday Night Lights

Adam
    $600 25
(Jeff: What is a wolf?)
(Alex: Be more specific.)
(Jeff: Gray wolf?)
(Dolores: What is a white wolf?)

a red wolf

JeffDolores
Triple Stumper
    $600 12
bass

Adam
    $1,600 19
(Jeff: What is Ferrari?)
(Alex: No, I thought you might say that, but it's [*], yeah, a bigger company.)

FIAT

Jeff
    $800 9
a fungus

Triple Stumper
    $800 5
Bagger Vance

Adam
    $800 26
corn

Dolores
    $800 14
a parrot

Adam
    $800 13
hurricane season

Jeff
    $800 20
Apolo Anton Ohno

Dolores
    $1000 16
(Dolores: What are windmills?)

waves

JeffDolores
    $1000 2
Bang the Drum Slowly

Adam
    $1000 27
a redwood

Adam
    $1000 23
credit rating agencies

Dolores
    $1000 15
(Jeff: What is Sleep Apnea Disorder?)

Seasonal Affective Disorder

AdamJeff
    $1000 21
Hannibal

Adam

Scores at the first commercial break (after clue 15):

Adam Jeff Dolores
$6,000 $200 $400

Scores at the end of the Jeopardy! Round:

Adam Jeff Dolores
$8,600 -$400 $1,400

Double Jeopardy! Round responses

AMERICAN ART & ARTISTS
THE DAYS OF GUNS N' ROSES
LITERATURE
BUMMER WORDS, MAN
ATHENS IN THE 5th CENTURY B.C.
VIDEOPOURRI
    $400 12
Warhol

Adam
    $400 11
"Sweet Child O' Mine"

Jeff
    $400 1
Tom Jones

Adam
    $400 21
grief

Adam
    $400 6
Sparta

Adam
    $400 26
(Adam: Who .. is .. Ford?)

(Ronald) Reagan

AdamDolores
    $800 14
(L.Frank) Baum

Jeff
    $800 13
(Paula) Abdul

Jeff
    $800 2
the Prisoner

Dolores
    $800 22
(Adam: What is indigo?)

blue

AdamDolores
    $2,000 7
eclipses

Adam
    $800 27
the Walkman

Dolores
    $4,800 15
Chicago

Jeff
    $1200 18
Milli Vanilli

Jeff
    $1200 3
The Moonstone

Adam
    $1200 23
gloomy

Dolores
    $1200 8
(Adam: What .. is .. the Greco-Persian War?)
(Dolores: What are the Punic Wars?)

the Trojan War

AdamDolores
Triple Stumper
    $1200 28
the United Nations

Dolores
    $1600 16
(Gutzon) Borglum

Jeff
    $1600 19
The Bangles

Dolores
    $1600 4
Ivanhoe

Jeff
    $1600 24
sorrow

Jeff
    $1600 9
(Adam: Who is Darius?)
(Alex: It's either Xerxes or Darius, you picked the wrong one, Adam.)

Xerxes

AdamJeff
    $1600 29
French

Jeff
    $2000 17
Al Hirschfeld

Triple Stumper
    $2000 20
Fine Young Cannibals

Triple Stumper
    $2000 5
Antigone

Adam
    $2000 25
depression

Dolores
    $2000 10
Pericles

Adam
    $2000 30
...
(Alex: [*], strawberries and cream, right you are)

Wimbledon

Adam

Scores at the end of the Double Jeopardy! Round:

Adam Jeff Dolores
$15,400 $15,600 $9,000

[wagering suggestions for these scores]

Final Jeopardy! Round responses

POETIC SUBJECTS
(Alex: Yeah, they were going to get rid of the ship, you are right.)
DoloresWhat is the Liberty Bell?
$0
AdamWhat is the Old North Church?
$2,601
JeffWhat is the Constitution Old Ironsides
$15,201
the Constitution ("Old Ironsides")

Final scores:

Adam Jeff Dolores
$12,799 $30,801 $9,000
2nd place: $2,000 New champion: $30,801 3rd place: $1,000

Game dynamics:

Coryat scores:

Adam Jeff Dolores
$14,200 $13,600 $9,000
22 R
(including 1 DD),
4 W
16 R
(including 1 DD),
5 W
(including 1 DD)
13 R,
3 W

Combined Coryat: $36,800

The J! Archive is created by fans, for fans. The Jeopardy! game show and all elements thereof, including but not limited to copyright and trademark thereto, are the property of Jeopardy Productions, Inc. and are protected under law. This website is not affiliated with, sponsored by, or operated by Jeopardy Productions, Inc. Join the discussion at JBoard.tv.